000 00679nam a2200277Ia 4500
005 20260324133940.0
008 008 260324s9999 xx 000 0 eng d
020 _a9781410602312
037 _aEBOOK
040 _aCRL
040 _beng
040 _cCRL
041 _2eng
041 _aeng
084 _qCRL
100 _aRobert D. Hill; Anthony Morrison; Brian L. Thorn; John Bowling
_91194992
245 0 _aGeriatric Residential Care
260 _bTaylor and Francis
260 _c2002
365 _a
365 _b65.99
856 _uhttp://www.taylorfrancis.com/books/9781410602312
942 _cEBOOK
999 _c1794575
_d1794575